000 00490nam a2200193Ia 4500
008 170918s9999 xx 000 0 und d
020 _a9780439607247
050 _bC761 2001
100 _aConte, Juliet Dallas-
245 _aCock-a-moo-moo /
245 _cJuliet Dallas-Conte ; illustrated by Alison Bartlett.
260 _aNew York :
260 _bScholastic,
260 _c2001
300 _aunpaged :
300 _bcolored illustration ;
300 _c27cm.
500 _a290
999 _c342504
_d342504